000 00512nam a2200205Ia 4500
003 OSt
005 20220926041053.0
006 a|||||r|||| 00| 0
007 ta
008 220923b |||||||| |||| 00| 0 eng d
037 _cGeneral Book
040 _aRTL
_cRTL
_beng
041 _2eng
_aeng
082 _aX6b4:73, G7-G7.2
245 0 _aProgramme of financial research
260 _c1937
650 _aCredit
_9234994
942 _hX6b4:73, G7-G7.2
_cGB
_2CC
999 _c666303
_d666303